00877nam a2200277Ia 4500001000900000003000500009005001700014008004100031010001100072020003800083040000900121082001900130100002000149245015500169250001200324260004200336300001700378500003400395503000800429504002600437650002300463650001500486700003100501700003800532700002900570dia_4534CHAP20251023162049.0220117s2009 xx 000 0 und d a175192 a978-970-686-838-1 \ 970-686-838-0 cCHAP a658.4 H45 2009 aHellriegel, Don aAdministración : un enfoque basado en competencias /c Don Hellriegel, Susan E. Jackson y John W. Slocum ; traducción Pilar Mascaró Sacristán a11a ed. aMéxico :b Cengage Learning,c2009 axxix, 627 p. aTítulo original: Management aC/e aBibliografía: N1-24 aAdministración  aManagement aJackson, Susan E., coaut.  aMascaró Sacristán, Pilar, tr. aSlocum, John W., coaut.